000 00487nam a2200193Ia 4500
001 63453
008 150108s9999 xx 000 0 und d
020 _a9788131760642
040 _cPK-LaUMT
082 _a 515
_bMOA-F
100 _aMoaveni, Saeed
245 _aFinite element analysis
_btheory and application with analysis
_cMoaveni, Saeed
250 _a3rd
260 _aNew Delhi,India:
_bPearson,
_c2011
300 _a861 p.
546 _aEN
650 _aFinite
942 _cBK
999 _c64057
_d64057